00478nam a2200145Ia 4500003000400000020001800004082002000022100001700042245004800059250001200107260004300119300001000162650002800172653013200200SGT a9780198065555 a621.381548bBEL aBell,David A aElectronic instrumentation and measurements a2nd Ed. bOxford University PressaN.Delhic2011 a451p. aELECTRONIC ENGINEERING  aDIMENSIONS AND STANDARDS, MEASUREMENT ERRORS,ELECTRO MECHANICAL INSTRUMENTS DIGITAL INSTRUMENT BASICS,CATHODE-RAY OSCILLOSCOPES